000 00356nam a2200157Ia 4500
999 _c202
_d202
003 OSt
005 20200311044721.0
008 200302s9999 xx 000 0 und d
020 _a9788176710039
100 _aR. Barry
245 _aThe Construction of Buildings Vol 3
260 _bGranada Publishing
260 _c1977
300 _a105 P.,
942 _2ddc